书目信息 |
| 题名: |
无线电设备电源
|
|
| 作者: | 傑达捷夫 著 | |
| 分册: | ||
| 出版信息: | 北京 人民邮电出版社 1957 |
|
| 页数: | 284页 | |
| 开本: | 20cm | |
| 丛书名: | ||
| 单 册: | ||
| 中图分类: | TN876.8 | |
| 科图分类: | ||
| 主题词: | 终端设备 | |
| 电子资源: | ||
| ISBN: | ||
| 000 | 00556nam0 2200193 450 | |
| 001 | 0633639757 | |
| 005 | 20060518092422.23 | |
| 010 | @dCNY1.70 | |
| 100 | @a20060518d1957 km y0chiy0120 ea | |
| 101 | 0 | @achi |
| 102 | @aCN@b110000 | |
| 200 | 1 | @a无线电设备电源@Awu xian dian she bei dian yuan@f(苏)В·П·傑达捷夫著@F(su)В·П·jie da jie fu zhu |
| 210 | @a北京@c人民邮电出版社@d1957 | |
| 215 | 1 | @a284页@d20cm |
| 606 | 0 | @a终端设备 |
| 690 | @aTN876.8@v4 | |
| 701 | 0 | @a傑达捷夫@Ajie da jie fu@4著 |
| 801 | 0 | @aCN@bPFT@c20060518 |
| 905 | @a10447@dTN876.8@e2 | |
| 无线电设备电源/(苏)В·П·傑达捷夫著.-北京:人民邮电出版社,1957 |
| 284页;20cm |
| ISBN :CNY1.70 |
| ● |
| 相关链接 |
|
|
|
|
正题名:无线电设备电源
索取号:TN876.8/2
 
预约/预借
| 序号 | 登录号 | 条形码 | 馆藏地/架位号 | 状态 | 备注 |
| 1 | 0010143 | 202349137 | 密集书库/ [索取号:TN876.8/2] | 在馆 |